000 01923cam a22003494a 4500
001 12233185
003 OSt
005 20220715153422.0
008 001116s2002 maua b 001 0 eng
010 _a 00111168
020 _a0312391145 (book)
020 _a0312391625 (CD)
020 _a0312396988 (book/CD)
040 _aDLC
_cLC
_dDLC
042 _apcc
050 0 0 _aPN4781.N55
082 0 0 _a070.4/3
_221
245 0 0 _aNews reporting and writing. /
_cThe Missouri Group: Brian S. Brooks ... [et al.].
250 _a7th ed.
260 _aBoston:
_bBedford/St. Martin's,
_c2002.
300 _axxviii, 548 p. :
_bill. ;
_c24 cm. +
_e1 computer optical disc (4 3/4 in.)
504 _aIncludes bibliographical references and index.
505 _aContents: Journalism and journalists: The nature of news -- The changing news business -- Reporting tools: Interviewing -- In their own words -- Gathering information -- Reporting with numbers -- Storytelling: The inverted pyramid -- Writing to be read -- Beyond the inverted pyramid -- Basic stories: Obituaries -- News releases -- Speeches, news conferences and meetings -- Other types of basic stories -- Beat reporting: Covering a beat -- Business and consumer news -- Sports -- Specialized techniques: Social science reporting -- Investigate reporting -- Writing news for radio and television -- Writing for online media -- Rights and responsibilities: Writing for public relations -- Media law -- Ethics --
538 _aSystem requirements for accompanying computer disk: For Windows and Macintosh, minimum screen resolution 800 x 600.
650 0 _aReporters and reporting.
650 0 _aJournalism
_xAuthorship.
700 1 _aBrooks, Brian S.
710 2 _aMissouri Group.
906 _a7
_bcbc
_corignew
_d2
_eepcn
_f20
_gy-gencatlg
942 _2lcc
_cBK
999 _c9072
_d16572